|
|
|
|
| LEADER |
00000nam0a2200000 4500 |
| 001 |
145543 |
| 005 |
20231101221150.0 |
| 020 |
|
|
|a RU
|b 84-71610
|
| 035 |
|
|
|a (RuTPU)RU\TPU\book\157749
|
| 090 |
|
|
|a 145543
|
| 100 |
|
|
|a 20081018d1978 km y0rusy5003 ca
|
| 101 |
0 |
|
|a rus
|
| 102 |
|
|
|a RU
|
| 105 |
|
|
|a a z 000zy
|
| 200 |
1 |
|
|a Замечательные кривые
|f А. И. Маркушевич
|
| 205 |
|
|
|a 3-е изд., доп.
|
| 210 |
|
|
|a Москва
|c Мир
|d 1978
|
| 215 |
|
|
|a 48 с.
|c ил.
|d 21 см
|
| 225 |
1 |
|
|a Популярные лекции по математике
|v Вып. 4
|
| 453 |
|
1 |
|0 (RuTPU)RU\TPU\retro\27195
|t Замечательные кривые
|l Remarkable curves
|f А. И. Маркушевич
|c Москва
|n Мир
|d 1980
|p 47 с.
|s Популярные лекции по математике
|a Маркушевич, Алексей Иванович
|
| 606 |
|
|
|a Кривые
|x (алгебраическая геометрия)
|2 stltpush
|3 (RuTPU)RU\TPU\subj\16251
|9 42386
|
| 610 |
1 |
|
|a математика
|
| 675 |
|
|
|a 513.7
|z rus
|
| 700 |
|
1 |
|a Маркушевич
|b А. И.
|g Алексей Иванович
|4 070
|
| 801 |
|
0 |
|a RU
|b RuMRKP
|c 19950704
|g psbo
|
| 801 |
|
1 |
|a RU
|b 63413507
|c 20081018
|g PSBO
|
| 801 |
|
2 |
|a RU
|b 63413507
|c 20220603
|g PSBO
|
| 942 |
|
|
|c BK
|